<?xml version="1.0" encoding="UTF-8"?>
<collection xmlns="http://www.loc.gov/MARC21/slim">
  <record>
    <leader>00000nam  2200000   4500</leader>
    <controlfield tag="001">INLIS000000000015944</controlfield>
    <controlfield tag="005">20231003095921</controlfield>
    <datafield tag="035" ind1="#" ind2="#">
      <subfield code="a">0010-1023000026</subfield>
    </datafield>
    <controlfield tag="007">ta</controlfield>
    <controlfield tag="008">231003################|##########|#|##</controlfield>
    <datafield tag="084" ind1="#" ind2="#">
      <subfield code="a">R 77 PIM I 2022</subfield>
    </datafield>
    <datafield tag="100" ind1=" " ind2="#">
      <subfield code="a">Rachman Arief Dienaputra</subfield>
    </datafield>
    <datafield tag="245" ind1="1" ind2="#">
      <subfield code="a">Infrastruktur PUPR Pemicu Penanganan Kantong Kemiskinan Ekstrem /</subfield>
      <subfield code="c">Rachman Arief Dienaputra</subfield>
    </datafield>
    <datafield tag="250" ind1="#" ind2="#">
      <subfield code="a">1</subfield>
    </datafield>
    <datafield tag="260" ind1="#" ind2="#">
      <subfield code="a">Jakarta :</subfield>
      <subfield code="b">Pusbangkom Pimnas dan Manajerial ASN,</subfield>
      <subfield code="c">2022</subfield>
    </datafield>
    <datafield tag="300" ind1="#" ind2="#">
      <subfield code="a">101 halaman :</subfield>
      <subfield code="b">ilus ;</subfield>
      <subfield code="c">30 cm</subfield>
    </datafield>
    <datafield tag="650" ind1="#" ind2="4">
      <subfield code="a">Kemiskinan</subfield>
    </datafield>
    <datafield tag="520" ind1="#" ind2="#">
      <subfield code="a">Penanganan kantong kemiskinan sampai dengan saat ini belum mencapai hasil optimal. Hal ini dibuktikan dengan alokasi anggaran sebesar Rp. 293.814 Milyar (2018) menjadi Rp. 497.966 Milyar (2020) belum memberikan dampak signifikan dengan semakin bertambahnya jumlah penduduk miskin semula 9,41% (25,14 Juta jiwa) menjadi 10,14% (27,54 Juta jiwa). Permasalah terjadi dipengaruhi oleh belum adanya penggunaan satu data dalam menentukan sasaran program penurunan kantong kemiskinan, program pengentasan kemiskinan di Kementerian/Lembaga belum terintegrasi.</subfield>
    </datafield>
    <datafield tag="990" ind1="#" ind2="#">
      <subfield code="a">77</subfield>
    </datafield>
  </record>
</collection>
